Леонид Поляков: летопись жизни (Запись № 11834172)

Подробности
000 -МАРКЕР
контрольное поле 01888nam0a2200349 4500
001 - ИДЕНТИФИКАТОР ЗАПИСИ
контрольное поле RU\NLR\BIBL_A\011793393
005 - ИДЕНТИФИКАТОР ВЕРСИИ
контрольное поле 20250701165203.0
010 ## - МЕЖДУНАРОДНЫЙ СТАНДАРТНЫЙ НОМЕР КНИГИ (ISBN)
Номер (ISBN) 978-5-99009973-0-1
Тираж 500
021 ## - НОМЕР ГОСУДАРСТВЕННОЙ РЕГИСТРАЦИИ
Код страны Российская Федерация
Номер КН-П-18-060534
Номер Листа государственной регистраци КН-П-18-4353
035 ## - ДРУГИЕ СИСТЕМНЫЕ НОМЕРА
Идентификатор записи (NLR Aleph) 011793393
035 ## - ДРУГИЕ СИСТЕМНЫЕ НОМЕРА
Идентификатор записи (RuMoRGB)009721322
100 ## - ДАННЫЕ ОБЩЕЙ ОБРАБОТКИ
Данные общей обработки 20180917d2018 k y0rusy50 ca
101 0# - ЯЗЫК РЕСУРСА
Язык текста, звукозаписи и т.д. русский
102 ## - СТРАНА ПУБЛИКАЦИИ ИЛИ ПРОИЗВОДСТВА
Страна публикации Российская Федерация
105 ## - ПОЛЕ КОДИРОВАННЫХ ДАННЫХ: ТЕКСТОВЫЕ МАТЕРИАЛЫ, МОНОГРАФИЧЕСКИЕ
Кодированные данные о монографическом текстовом документе ach|z|||000zd
200 1# - ЗАГЛАВИЕ И СВЕДЕНИЯ ОБ ОТВЕТСТВЕННОСТИ
Основное заглавие Леонид Поляков: летопись жизни
Сведения, относящиеся к заглавию [монография
Первые сведения об ответственности Кузнецов В.Н. ]
Последующие сведения об ответственности Институт истории и археологии Уральского отделения Российской академии наук, Уральский государственный экономический университет
210 ## - ПУБЛИКАЦИЯ, РАСПРОСТРАНЕНИЕ И ДР.
Место издания, распространения и т.д. Екатеринбург
Имя издателя, распространителя и т. д. Банк культурной информации
Дата издания, распространения и т.д. 2018
215 ## - ФИЗИЧЕСКАЯ ХАРАКТЕРИСТИКА
Специфическое обозначение материала и объем 250 с., [40] л. ил., цв. ил., портр.
Другие сведения о физической характеристике портр., факс.
Размеры 22
300 ## - ОБЩИЕ ПРИМЕЧАНИЯ
Текст примечания Авт. указан в макете
320 ## - ПРИМЕЧАНИЯ О НАЛИЧИИ В ДОКУМЕНТЕ БИБЛИОГРАФИИ / УКАЗАТЕЛЯ
Текст примечания Библиогр.: с. 245-247 и в подстроч. примеч.
600 #1 - ИМЯ ЛИЦА КАК ПРЕДМЕТ
Начальный элемент ввода Поляков
Часть имени, кроме начального элемента ввода Л. А.
Даты 1937-
Расширение инициалов личного имени Леонид Алексеевич
Системный номер авторитетной/нормативной записи 2424412
Идентификатор авторитетной/нормативной записи RU\NLR\AUTH\6601662034
686 1# - ИНДЕКСЫ ДРУГИХ КЛАССИФИКАЦИЙ
Индекс Ц901д(2Р)Поляков
700 #1 - ИМЯ ЛИЦА - ПЕРВИЧНАЯ ОТВЕТСТВЕННОСТЬ
Графика поля Кириллица
Материалы, к которым относится поле rus
Начальный элемент ввода Кузнецов
Часть имени, кроме начального элемента ввода В. Н.
Дополнения к именам, кроме дат канд. ист. наук
Даты 1959 -
Расширение инициалов личного имени Виктор Николаевич
Системный номер авторитетной/нормативной записи 10086
Идентификатор авторитетной/нормативной записи RU\NLR\AUTH\7727049
702 #1 - ИМЯ ЛИЦА - ВТОРИЧНАЯ ОТВЕТСТВЕННОСТЬ
Код отношения Прочие
Графика поля Кириллица
Материалы, к которым относится поле rus
Начальный элемент ввода Поляков
Часть имени, кроме начального элемента ввода Л. А.
Дополнения к именам, кроме дат канд. техн. наук
Даты 1937-
Расширение инициалов личного имени Леонид Алексеевич
Системный номер авторитетной/нормативной записи 197168
Идентификатор авторитетной/нормативной записи RU\NLR\AUTH\770197219
712 02 - НАИМЕНОВАНИЕ ОРГАНИЗАЦИИ - ВТОРИЧНАЯ ОТВЕТСТВЕННОСТЬ
Код отношения Прочие
Начальный элемент ввода Институт истории и археологии
Идентифицирующий признак Екатеринбург
Системный номер авторитетной/нормативной записи 459967
Идентификатор авторитетной/нормативной записи RU\NLR\AUTH\889982008
942 ## - ДОПОЛНИТЕЛЬНЫЕ ЭЛЕМЕНТЫ ЗАПИСИ (АБИС)
Тип экземпляра АБИС Книга
980 ## - КОЛЛЕКЦИЯ
Название коллекции Национальная библиография
980 ## - КОЛЛЕКЦИЯ
Название коллекции НБР

Нет доступных экземпляров.